000 003860000a22001450004500
003 MACL
040 _aMACL
090 _c38794
_d38792
100 _aJha, Amarnatha
245 _aReport of the Second National Seminar on the Organization of Community Centres 1951
260 _bIndian Adult Education association
_c1951
350 _a3.8
650 _aEducation
942 _cBOOK
_k370/JHA
999 _c38377
_d38377